000 00692nam a2200205 i 4500
001 81025
003 ES-MaACL
005 20250812173346.0
007 t|
008 041102s1978 sp ||||1| spa d
245 0 0 _aHomenaje a Luis Leal
_b: estudios sobre Literatura Hispanoamericana /
_cedición a cargo de Donald W. Bleznick y Juan O. Valencia.
260 _aMadrid :
_bInsula,
_c1978.
300 _a216 p. ;
_c23 cm.
650 0 4 _aLiteratura hispanoamericana-
_xHistoria y crítica.
_914606
700 1 _aBleznick, Donald W.
_929487
700 1 _aValencia, Juan O.
_9112567
700 1 _aLeal, Luis,
_d1907-
_9152401
852 _aES-MaACL
_jA-9725
_bR.98885
999 _c81025
_d81025